Wszystkie podstawowe przedmioty szkolne - Statystyki

Ogólne statystyki
  • Ten quiz został rozwiązany 110 razy
  • Średni wynik to 16 z 20
Statystyki odpowiedzi
Litera Przedmiot % Poprawnych
A Angielski
95%
B Biologia
93%
C Chemia
90%
M Matematyka
90%
P Polski
90%
W WF
89%
G Geografia
86%
F Fizyka
84%
H Historia
83%
I Informatyka
83%
P Plastyka
83%
R Religia
78%
N Niemiecki
76%
T Technika
75%
M Muzyka
73%
W WDŻ
64%
W WOS
64%
P Przyroda
60%
E EDB
58%
W Wychowawcza
35%
Nie znaleziono quizów pasujących do podanych kryteriów
Rozkład punktacji
Procent ludzi z każdym wynikiem
Percentyl według liczby udzielonych odpowiedzi
Twoja historia wyników
Nie rozwiązałeś tego quizu